000 01527cam a22003734i 4500
003 PE-LiUPU
005 20250731184106.0
008 150623s r 000 0 d
035 _a(Sirsi) a29389
040 _aPE-LiUPU
_bspa
_cPE-LiUPU
_erda
082 0 4 _a808.8
_bT12
_221
100 1 _aTacito, Cornelio,
_eautor.
245 1 0 _aAnales /
_cCornelio Tácito.
264 1 _aBarcelona :
_bGredos,
_c1986.
300 _a320 páginas;
_c20 centímetros
336 _atext
_2rdacontent
337 _aunmediated
_2rdamedia
338 _avolume
_2rdacarrier
505 0 _aLIBRO XI. - LIBRO XIII. - LIBRO XIV. - LIBRO XV. - LIBRO XVI.
526 _aP145
526 _aP127
526 _aP97
526 _aP14
526 _aP07
650 1 4 _aColecciones literarias.
942 _2ddc
_cBOOK
949 _a808.8 2
_wDEWEY
_c1
_i28029
_lCCODEBUL1
_mBUL
_p00.00
_r0
_sY
_tBOOK
_u2015-06-24
_xBIBLIOTECA
_zUNKNOWN
_0COMPRA
_o.STAFF. Colección General
949 _a808.8 1
_wDEWEY
_c2
_i28028
_lCCODEBUL1
_mBUL
_p00.00
_r0
_sY
_tBOOK
_u2015-06-24
_xBIBLIOTECA
_zUNKNOWN
_0COMPRA
_o.STAFF. Colección General
596 _a1
999 _a808.8 T12
_wDEWEY
_c36740
_i28029
_f2021-11-5
_g6
_lCCODEBUL1
_mBUL
_r0
_sY
_tBOOK
_u2015-6-24
_xBIBLIOTECA
_zUNKNOWN
_0COMPRA
_o.STAFF. Colección General
_d36740
999 _a808.8 T12
_wDEWEY
_c2
_i28028
_f2021-11-5
_g6
_lCCODEBUL1
_mBUL
_r0
_sY
_tBOOK
_u2015-6-24
_xBIBLIOTECA
_zUNKNOWN
_0COMPRA
_o.STAFF. Colección General
980 _81
_gALBERTO SANCHEZ Responsable de Automatización